006150000a2200169000450000500170000000800410001708200160005810000160007424500880009026000780017830000180025644000470027465000390032165000290036065000380038970000180042720240212152454.0230817t ||||| |||| 00| 0 eng d a305.42bZIA aZia, Shahla aBaseline report on women’s participation in political and public life in Pakistan a[Islamabad]:bAurat Publication and Information Service Foundation,c1999 a140 p; tables a Women and social movements, international aWomen Political activity- Pakistan aWomen's rights- Pakistan aPakistan- Politics and government aBari, Farzana